00643nam a2200145Ia 4500008004100000245022400041260003600265260000900301300000600310650002600316650001200342856005100354999001900405952007300424170516s9999 xx 000 0 und d aAutomated Determination of Arterial Input Function for Dynamic Susceptibility Contrast MRI from Regions around Arteries Using Independent Component Analysis, Sharon Chen, Yu-Chang Tyan, Jui-Jen Lai, and Chin-Ching Chang bRadiology Research and Practice c2017 a: xRadiologic Technology xRadtech uhttps://www.hindawi.com/journals/rrp/contents/ c332185d332185 001040aCLbCLd2017-05-16l0r2017-05-16 00:00:00w2017-05-16yFOJ